|
|
|
|
| LEADER |
00000nab a2200000 a 4500 |
| 001 |
vtls000406967 |
| 003 |
SK-MaSNL |
| 005 |
20260305044108.0 |
| 008 |
160204c1989 xo 0 slo |
| 015 |
|
|
|a SNBRA19rr/mm-uuuuu
|
| 035 |
|
|
|a CL0407091
|
| 040 |
|
|
|a SNKBUCL
|b slo
|c SNKBUCL
|e AACR2
|
| 041 |
0 |
|
|a slo
|
| 044 |
|
|
|a xo
|c SK
|
| 080 |
|
|
|a 631.41:546.48:631.445.4
|2 1981
|
| 080 |
|
|
|a 546.48
|2 1981
|
| 080 |
|
|
|a 631.445.4
|2 1981
|
| 100 |
1 |
|
|a Antalová, S.
|4 aut
|9 285388
|
| 245 |
1 |
0 |
|a Transport kadmia v hlavných článkoch agroekosystému. 3. Distribúcia a migrácia Cd v lužnej pôde karbonátovej černozemnej
|c S. Antalová, A. Mocik ; Soňa Antalová, Anton Mocik
|
| 300 |
|
|
|b Tb. 2. Res. rus., angl., lit. 5 zázn. v slov., angl.
|
| 650 |
0 |
7 |
|a lesná pôda
|2 snkbucl
|9 70212
|
| 650 |
0 |
7 |
|a kadmium
|2 snkbucl
|9 16680
|
| 655 |
|
7 |
|a články zo zborníkov
|2 snkbucl
|9 166140
|
| 700 |
1 |
|
|a Antalová, Soňa
|4 aut
|9 748645
|
| 700 |
1 |
|
|a Mocik, Anton,
|d 1943-2009
|4 aut
|9 192244
|
| 773 |
0 |
|
|t Vedecké práce VCPÚ, Ústavu pôdoznalectva a výživy rastlín 15
|d Bratislava : Príroda, 1989
|g S. 211-218
|
| 850 |
|
|
|a Slovenská národná knižnica v Martine
|a MTA001
|
| 852 |
|
|
|a SNK
|b KIS3GCP
|
| 958 |
|
|
|a NB
|
| 958 |
|
|
|a RK
|
| 992 |
|
|
|a RZB
|
| 999 |
|
|
|c 3356539
|d 3358469
|